Masculinidad es: identidad, sexualidad y familia. Sección I: Construcción de la s identidad es masculinas /

Gespeichert in:
Bibliographische Detailangaben
1. Verfasser: Olavarría, José
Weitere Verfasser: Parrini, Rodrigo
Format: Unbekannt
Veröffentlicht: Santiago: FLACSO. Sede Chile
Schlagworte:
Tags: Tag hinzufügen
Keine Tags, Fügen Sie den ersten Tag hinzu!

MARC

LEADER 00000 a2200000 04500
001 19099
003
008 991231s d
040
090 |a 145103  
100 |a Olavarría, José  
245 |a Masculinidad es: identidad, sexualidad y familia. Sección I: Construcción de la s identidad es masculinas /  |c José Olavarría 
260 |a Santiago:   |b FLACSO. Sede Chile  
300 |a 115 p.  
650 |a HOMBRES  
650 |a IDENTIDAD CULTURAL  
650 |a ALCOHOLISMO  
650 |a VIOLENCIA  
700 |a   
700 |a Parrini, Rodrigo  
700 |a   
999 |c 12807  |d 12807